000
00289nam a2200121Ia 4500
005
20251222153552.0
008
251222s9999||||xx |||||||||||||| ||spa||
082
_a
657/G86
100
_a
Guembes, Luís / Calle, Álvaro
245
0
_a
El precio de coste
264
_b
Peruanas
942
_c
LIB
999
_c
30905
_d
30905